ポケカの歴代拡張パック名クイズ - Statistics

General Stats
  • This quiz has been taken 17 times
  • The average score is 12 of 176
Answer Stats
シリーズ 弾とか 略称 パック名 % Correct
ポケットモンスターカードゲーム 第3弾 化石の秘密
29%
ポケットモンスターカードゲーム 第4弾 ロケット団
29%
ポケモンカードゲーム ソード&シールド S1W ソード
29%
ポケモンカードゲーム ソード&シールド S1H シールド
29%
ポケットモンスターカードゲーム 第2弾 ポケモンジャングル
24%
ポケットモンスターカードゲーム ジム拡張第1弾 リーダーズスタジアム
24%
ポケットモンスターカードゲーム ジム拡張第2弾 闇からの挑戦
24%
ポケモンカードDP ひかる闇
24%
ポケモンカードゲーム ソード&シールド 強化拡張パック S6a イーブイヒーローズ
24%
ポケモンカード★neo 第1弾 金、銀、新世界へ...
18%
ポケモンカード★neo 第3弾 めざめる伝説
18%
ポケモンカードDP 夜明けの疾走
18%
ポケモンカードゲームBW BW1 ブラックコレクション
18%
ポケモンカードゲームBW BW1 ホワイトコレクション
18%
ポケモンカードゲーム サン&ムーン SM3N 光を喰らう闇
18%
ポケモンカードゲーム サン&ムーン SM9 タッグボルト
18%
ポケモンカードゲーム サン&ムーン 強化拡張パック SM9b フルメタルウォール
18%
ポケモンカードゲーム ソード&シールド ロストアビス
18%
ポケモンカードゲーム スカーレット&バイオレット SV6 変幻の仮面
18%
ポケモンカードゲーム ソード&シールド ハイクラスパック VMAXクライマックス
18%
ポケモンカードゲーム ソード&シールド ハイクラスパック VSTARユニバース
18%
ポケモンカードゲームXY XY1 コレクションX
18%
ポケモンカードゲームXY XY1 コレクションY
18%
ポケモンカード★neo 第2弾 遺跡をこえて...
12%
ポケモンカード★neo 第4弾 闇、そして光へ...
12%
ポケモンカードゲーム ロケット団の逆襲
12%
ポケモンカードDP 怒りの神殿
12%
ポケモンカードゲームBW BW2 レッドコレクション
12%
ポケモンカードゲーム サン&ムーン SM1S コレクションサン
12%
ポケモンカードゲーム サン&ムーン SM1M コレクションムーン
12%
ポケモンカードゲーム サン&ムーン SM2K キミを待つ島々
12%
ポケモンカードゲーム サン&ムーン SM3H 闘う虹を見たか
12%
ポケモンカードゲーム サン&ムーン SM5S ウルトラサン
12%
ポケモンカードゲーム サン&ムーン SM5M ウルトラムーン
12%
ポケモンカードゲーム サン&ムーン SM6 禁断の光
12%
ポケモンカードゲーム サン&ムーン 強化拡張パック SM9a ナイトユニゾン
12%
ポケモンカードゲーム ソード&シールド 強化拡張パック S2a 爆炎ウォーカー
12%
ポケモンカードゲーム ソード&シールド S6H 白銀のランス
12%
ポケモンカードゲーム ソード&シールド S6K 漆黒のガイスト
12%
ポケモンカードゲーム ソード&シールド パラダイムトリガー
12%
ポケモンカードゲーム スカーレット&バイオレット SV2P スノーハザード
12%
ポケモンカードゲーム スカーレット&バイオレット SV2D クレイバースト
12%
ポケモンカードゲーム スカーレット&バイオレット SV3 黒炎の支配者
12%
ポケモンカードゲーム スカーレット&バイオレット SV5K ワイルドフォース
12%
ポケモンカードゲーム スカーレット&バイオレット SV7 ステラミラクル
12%
ポケモンカードゲーム スカーレット&バイオレット SV9 バトルパートナーズ
12%
ポケモンカードゲーム スカーレット&バイオレット 強化拡張パック SV9a 熱風のアリーナ
12%
ポケモンカードゲーム スカーレット&バイオレット SV10 ロケット団の栄光
12%
ポケモンカードゲーム スカーレット&バイオレット SV11B ブラックボルト
12%
ポケモンカードゲーム スカーレット&バイオレット SV11W ホワイトフレア
12%
ポケモンカードゲームMEGA M1S メガシンフォニア
12%
ポケモンカードゲーム スカーレット&バイオレット ハイクラスパック SV4a シャイニートレジャーex
12%
ポケモンカードゲーム スカーレット&バイオレット ハイクラスパック SV8a テラスタルフェスex
12%
ポケモンカードe 第2弾 e2 地図にない町
6%
ポケモンカードゲーム 伝説の飛翔
6%
ポケモンカードゲーム 金の空、銀の海
6%
ポケモンカードゲーム まぼろしの森
6%
ポケモンカードゲーム ホロンの研究塔
6%
ポケモンカードDP 時空の創造 ダイヤモンドコレクション
6%
ポケモンカードDP 時空の創造 パールコレクション
6%
ポケモンカードDP 月光の追跡
6%
ポケモンカードDP 秘境の叫び
6%
ポケモンカードDPt ギンガの覇道
6%
ポケモンカードLEGEND L1 ハートゴールドコレクション
6%
ポケモンカードLEGEND L1 ソウルシルバーコレクション
6%
ポケモンカードLEGEND 強化パック LL ロストリンク
6%
ポケモンカードゲームBW BW5 リューノブレード
6%
ポケモンカードゲームBW BW8 ラセンフォース
6%
ポケモンカードゲームBW BW9 メガロキャノン
6%
ポケモンカードゲームXY XY3 ライジングフィスト
6%
ポケモンカードゲームXY XY4 ファントムゲート
6%
ポケモンカードゲームXY XY5 ガイアボルケーノ
6%
ポケモンカードゲームXY XY5 タイダルストーム
6%
ポケモンカードゲームXY XY6 エメラルドブレイク
6%
ポケモンカードゲームXY BREAK XY9 破天の怒り
6%
ポケモンカードゲームXY BREAK コンセプトパック CP3 ポケキュンコレクション
6%
ポケモンカードゲームXY BREAK XY11 冷酷の反逆者
6%
ポケモンカードゲーム サン&ムーン 強化拡張パック SM1+ サン&ムーン
6%
ポケモンカードゲーム サン&ムーン 強化拡張パック SM6b チャンピオンロード
6%
ポケモンカードゲーム サン&ムーン 強化拡張パック SM8a ダークオーダー
6%
ポケモンカードゲーム サン&ムーン SM10 ダブルブレイズ
6%
ポケモンカードゲーム サン&ムーン 強化拡張パック SM10a ジージーエンド
6%
ポケモンカードゲーム サン&ムーン ムービースペシャルパック SMP2 名探偵ピカチュウ
6%
ポケモンカードゲーム サン&ムーン SM11 ミラクルツイン
6%
ポケモンカードゲーム サン&ムーン 強化拡張パック SM11b ドリームリーグ
6%
ポケモンカードゲーム サン&ムーン SM12 オルタージェネシス
6%
ポケモンカードゲーム ソード&シールド S3 ムゲンゾーン
6%
ポケモンカードゲーム ソード&シールド 強化拡張パック S3a 伝説の鼓動
6%
ポケモンカードゲーム ソード&シールド S7D 摩天パーフェクト
6%
ポケモンカードゲーム ソード&シールド S7R 蒼空ストリーム
6%
ポケモンカードゲーム ソード&シールド S8 フュージョンアーツ
6%
ポケモンカードゲーム ソード&シールド スターバース
6%
ポケモンカードゲーム ソード&シールド タイムゲイザー
6%
ポケモンカードゲーム ソード&シールド 強化拡張パック スペースジャグラー
6%
ポケモンカードゲーム スカーレット&バイオレット 強化拡張パック SV1a トリプレットビート
6%
ポケモンカードゲーム スカーレット&バイオレット 強化拡張パック SV3a レイジングサーフ
6%
ポケモンカードゲーム スカーレット&バイオレット SV4K 古代の咆哮
6%
ポケモンカードゲーム スカーレット&バイオレット SV4M 未来の一閃
6%
ポケモンカードゲーム スカーレット&バイオレット SV5M サイバージャッジ
6%
ポケモンカードゲーム スカーレット&バイオレット 強化拡張パック SV5a クリムゾンヘイズ
6%
ポケモンカードゲーム スカーレット&バイオレット 強化拡張パック SV6a ナイトワンダラー
6%
ポケモンカードゲーム スカーレット&バイオレット 強化拡張パック SV7a 楽園ドラゴーナ
6%
ポケモンカードゲーム スカーレット&バイオレット SV8 超電ブレイカー
6%
ポケモンカードゲームMEGA M1L メガブレイブ
6%
ポケモンカードゲーム スカーレット&バイオレット 強化拡張パック SV2a ポケモンカード151
6%
ポケモンカードゲーム スカーレット&バイオレット SV1S スカーレットex
6%
ポケモンカードゲーム スカーレット&バイオレット SV1V バイオレットex
6%
ポケモンカードゲーム サン&ムーン ハイクラスパック SM4+ GXバトルブースト
6%
ポケモンカードゲーム ソード&シールド 強化拡張パック Pokémon GO
6%
ポケモンカードゲーム ソード&シールド ハイクラスパック S4a シャイニースターV
6%
ポケモンカードゲーム ソード&シールド 強化拡張パック S1a VMAXライジング
6%
ポケモンカードe 第3弾 e3 海からの風
0%
ポケモンカードe 第4弾 e4 裂けた大地
0%
ポケモンカードe 第5弾 e5 神秘なる山
0%
ポケモンカードゲームADV 第2弾 ADV2 砂漠のきせき
0%
ポケモンカードゲームADV 第3弾 ADV3 天空の覇者
0%
ポケモンカードゲームADV 第4弾 ADV4 とかれた封印
0%
ポケモンカードゲーム 蒼空の激突
0%
ポケモンカードゲーム ホロンの幻影
0%
ポケモンカードゲーム きせきの結晶
0%
ポケモンカードゲーム さいはての攻防
0%
ポケモンカードDP 湖の秘密
0%
ポケモンカードDP 破空の激闘
0%
ポケモンカードDPt 時の果ての絆
0%
ポケモンカードDPt フロンティアの鼓動
0%
ポケモンカードDPt アルセウス光臨
0%
ポケモンカードLEGEND L2 よみがえる伝説
0%
ポケモンカードLEGEND L3 頂上大激突
0%
ポケモンカードゲームBW BW3 サイコドライブ
0%
ポケモンカードゲームBW BW3 ヘイルブリザード
0%
ポケモンカードゲームBW BW4 ダークラッシュ
0%
ポケモンカードゲームBW DS ドラゴンセレクション
0%
ポケモンカードゲームBW BW5 リューズブラスト
0%
ポケモンカードゲームBW BW6 フリーズボルト
0%
ポケモンカードゲームBW BW6 コールドフレア
0%
ポケモンカードゲームBW BW7 プラズマゲイル
0%
ポケモンカードゲームBW BW8 ライデンナックル
0%
ポケモンカードゲームBW コンセプトパック SC シャイニーコレクション
0%
ポケモンカードゲームXY XY2 ワイルドブレイズ
0%
ポケモンカードゲームXY XY7 バンデッドリング
0%
ポケモンカードゲームXY コンセプトパック CP2 伝説キラコレクション
0%
ポケモンカードゲームXY BREAK XY8 青い衝撃
0%
ポケモンカードゲームXY BREAK XY8 赤い閃光
0%
ポケモンカードゲームXY BREAK XY10 めざめる超王
0%
ポケモンカードゲームXY BREAK XY11 爆熱の闘士
0%
ポケモンカードゲームXY BREAK コンセプトパック CP5 幻・伝説ドリームキラコレクション
0%
ポケモンカードゲーム サン&ムーン SM2L アローラの月光
0%
ポケモンカードゲーム サン&ムーン 強化拡張パック SM2+ 新たなる試練の向こう
0%
ポケモンカードゲーム サン&ムーン 強化拡張パック SM3+ ひかる伝説
0%
ポケモンカードゲーム サン&ムーン SM4S 覚醒の勇者
0%
ポケモンカードゲーム サン&ムーン SM4A 超次元の暴獣
0%
ポケモンカードゲーム サン&ムーン 強化拡張パック SM5+ ウルトラフォース
0%
ポケモンカードゲーム サン&ムーン 強化拡張パック SM6a ドラゴンストーム
0%
ポケモンカードゲーム サン&ムーン SM7 破空のカリスマ
0%
ポケモンカードゲーム サン&ムーン 強化拡張パック SM7a 迅雷スパーク
0%
ポケモンカードゲーム サン&ムーン 強化拡張パック SM7b フェアリーライズ
0%
ポケモンカードゲーム サン&ムーン SM8 超爆インパクト
0%
ポケモンカードゲーム サン&ムーン 強化拡張パック SM10b スカイレジェンド
0%
ポケモンカードゲーム サン&ムーン 強化拡張パック SM11a リミックスバウト
0%
ポケモンカードゲーム ソード&シールド S2 反逆クラッシュ
0%
ポケモンカードゲーム ソード&シールド S4 仰天ボルテッカー
0%
ポケモンカードゲーム ソード&シールド S5I 一撃マスター
0%
ポケモンカードゲーム ソード&シールド S5R 連撃マスター
0%
ポケモンカードゲーム ソード&シールド 強化拡張パック S5a 双璧のファイター
0%
ポケモンカードゲーム ソード&シールド 強化拡張パック バトルリージョン
0%
ポケモンカードゲーム ソード&シールド 強化拡張パック ダークファンタズマ
0%
ポケモンカードゲーム ソード&シールド 強化拡張パック 白熱のアルカナ
0%
ポケモンカードゲームXY BREAK コンセプトパック CP6 ポケットモンスターカードゲーム 拡張パック20th Anniversary
0%
ポケモンカードゲーム ソード&シールド S8a 25th ANNIVERSARY COLLECTION
0%
ポケモンカードゲームBW コンセプトパック EBB EXバトルブースト
0%
ポケモンカードゲームXY BREAK プレミアムチャンピオンパック CP4 EX×M×BREAK
0%
ポケモンカードゲーム サン&ムーン ハイクラスパック SM8b GXウルトラシャイニー
0%
ポケモンカードゲーム サン&ムーン ハイクラスパック SM12a TAG TEAM GX タッグオールスターズ
0%
ポケモンカードゲームXY BREAK ハイクラスパック XY THE BEST OF XY
0%
ポケモンカードゲームADV 強化拡張パックex1 ADVex1 マグマVSアクア ふたつの野望
0%
ポケモンカードゲームXY コンセプトパック CP1 マグマ団VSアクア団 ダブルクライシス
0%
No matching quizzes found
Score Distribution
Percent of People with Each Score
Percentile by Number Answered
Your Score History
You have not taken this quiz